Prime Mover lyrics by Ghost - Statistics

General Stats
  • This quiz has been taken 30 times
  • The average score is 55 of 73
Answer Stats
Answer % Correct
A
100%
a
100%
the
100%
the
100%
the
100%
the
100%
in
92%
in
92%
in
92%
nun
92%
son
92%
and
85%
bastard
85%
Clad
85%
cloak
85%
old
85%
ones'
85%
secretive
85%
Bearing
77%
dark
77%
Father
77%
Filth
77%
her
77%
her
77%
her
77%
her
77%
Mother
77%
Mover
77%
Mover
77%
of
77%
of
77%
of
77%
Of
77%
of
77%
Prime
77%
Prime
77%
will
77%
Antichrist
69%
architect
69%
birth
69%
blood
69%
Cast
69%
dusk
69%
earth
69%
insect
69%
known
69%
Machinery
69%
Maternal
69%
Maternal
69%
not
69%
Obsessed
69%
slave
69%
slave
69%
tomb
69%
Toxic
69%
upon
69%
veil
69%
Waiting
69%
womb
69%
Bloodline
62%
cloister
62%
grave
62%
grave
62%
phallos
62%
poised
62%
walk
62%
With
62%
With
62%
child
54%
child
54%
heir
54%
Selected
54%
Varucose
46%
No matching quizzes found
Score Distribution
Percent of People with Each Score
Percentile by Number Answered
Your Score History
You have not taken this quiz